Auf dem Weg zur digitalen Bibliothek: Strategien für die ETH-Bibliothek im 21. Jahrhundert / (Record no. 173794)
[ view plain ]
| 000 -LEADER | |
|---|---|
| fixed length control field | 00789cam a22002294a 4500 |
| 001 - CONTROL NUMBER | |
| control field | 000474452 |
| 003 - CONTROL NUMBER IDENTIFIER | |
| control field | AM-YeHGA |
| 005 - DATE AND TIME OF LATEST TRANSACTION | |
| control field | 20250617133940.0 |
| 008 - FIXED-LENGTH DATA ELEMENTS--GENERAL INFORMATION | |
| fixed length control field | 051216s2005 sz |||||||||||000|0|ger|d |
| 020 ## - INTERNATIONAL STANDARD BOOK NUMBER | |
| International Standard Book Number | 3909386040 |
| 040 ## - CATALOGING SOURCE | |
| Original cataloging agency | AM-YeHGA |
| 041 0# - LANGUAGE CODE | |
| Language code of text/sound track or separate title | ger |
| 090 ## - LOCALLY ASSIGNED LC-TYPE CALL NUMBER (OCLC); LOCAL CALL NUMBER (RLIN) | |
| -- | 175235 |
| 245 00 - TITLE STATEMENT | |
| Title | Auf dem Weg zur digitalen Bibliothek: Strategien für die ETH-Bibliothek im 21. Jahrhundert / |
| Statement of responsibility, etc. | Hrsg. ETH-Bibliothek, Zürich ; Hrsg.: Corinne Gysling, Wolfram Neubauer. |
| 260 ## - PUBLICATION, DISTRIBUTION, ETC. | |
| Place of publication, distribution, etc. | Zürich : |
| Name of publisher, distributor, etc. | ETH-Bibliothek, |
| Date of publication, distribution, etc. | 2005. |
| 300 ## - PHYSICAL DESCRIPTION | |
| Extent | 184 p. : |
| Other physical details | ill. |
| 440 #0 - SERIES STATEMENT/ADDED ENTRY--TITLE | |
| Title | Schriftenreihe der ETH-Bibliothek, |
| Number of part/section of a work | B, |
| Name of part/section of a work | Bibliothekswesen, |
| International Standard Serial Number | 1423-6966 ; |
| Volume/sequential designation | Bd. 7 |
| 650 14 - SUBJECT ADDED ENTRY--TOPICAL TERM | |
| Topical term or geographic name entry element | Digital libraries |
| 700 1# - ADDED ENTRY--PERSONAL NAME | |
| Personal name | Gysling, Corinne |
| Relationship | edt |
| 700 1# - ADDED ENTRY--PERSONAL NAME | |
| Personal name | Neubauer, Wolfram |
| Relationship | edt |
| 710 2# - ADDED ENTRY--CORPORATE NAME | |
| Corporate name or jurisdiction name as entry element | ETH-Bibliothek (Zürich) |
| Withdrawn status | Lost status | Source of classification or shelving scheme | Damaged status | Not for loan | Collection | Home library | Current library | Date acquired | Total checkouts | Full call number | Barcode | Date last seen | Price effective from | Koha item type | Public note |
|---|---|---|---|---|---|---|---|---|---|---|---|---|---|---|---|
| Universal Decimal Classification | General | Fundamental Scientific Library | Fundamental Scientific Library | 28/12/2016 | И II/112760 | 320112760 | 28/12/2016 | 28/12/2016 | Գրքեր / Books | 30 Days Loan |
ՀՀ Գիտությունների ազգային ակադեմիայի հիմնարար գիտական գրադարան = Fundamental Scientific Library of NAS RA
All site content, except where otherwise noted, is licensed under a